000 00582nam a2200181Ia 4500
008 090123s9999 xx 000 0 und d
082 _b36808
100 _aपगारे अनिता
245 _aवस्तीवरची पोरं
250 _a1
260 _bअक्षरमुद्रा प्रकाशन
_c2004
300 _a124
600 _aपगारे अनिता
630 _aवस्तीवरची पोरं
700 _aपगारे अनिता
730 _aवस्तीवरची पोरं
942 _cBOOK
999 _c74875
_d74875